| 000 | 00889nam a2200253 4500 | ||
|---|---|---|---|
| 999 |
_c12864 _d12864 |
||
| 003 | MIRAKIL | ||
| 005 | 20190307140801.0 | ||
| 008 | 190307b tu ||||| |||| 00| 0 tur d | ||
| 020 | _a0684803321 | ||
| 040 |
_aTR-AnCHP _cTR-AnCHP |
||
| 041 | _aeng | ||
| 082 |
_a973.927092 _bS38t 1993 |
||
| 100 | _aShultz, George P. | ||
| 245 | 1 | 0 |
_aTurmoil and trıumph: _bmy years as secretary of state/ _cGeorge P. Shultz. |
| 246 | _amy years as secretary of state | ||
| 260 |
_aNew York: _bA Robert Stewart Book, _c1993. |
||
| 300 |
_axı, 1184 s.: _bfotğ. _c23 sm. |
||
| 504 | _aDizin vardır. | ||
| 600 | 0 |
_95345 _aShultz, George P. _cABD Hazine Sekreter _d1920- |
|
| 650 | 0 |
_95074 _aDevlet adamları _xAmerika Birleşik Devletleri _xyaşamöyküsü |
|
| 651 | 0 |
_95335 _aAmerika Birleşik Devletleri _xDış ilişkiler _y1981-1989 |
|
| 740 | _amy years as secretary of state | ||
| 942 |
_2ddc _cBKS |
||